000 00237nam a22000857a 4500
008 161206b xxu||||| |||| 00| 0 eng d
100 _91824
_aBhusan. B
245 _aNew course science : chemistry-1
260 _aNew delhi
_bArya publication
_c2006
999 _c4564
_d4564